01769cam a22003974 450000100070000000500170000700800410002401600310006501700530009602000150014903500210016403500270018504000290021208000390024108000330028008000210031308000230033408000200035708000190037724503380039626000260073430000330076033600220079333700300081533800240084550000480086960000420091760000360095961000580099561100690105370000390112270000420116170000320120371000290123585201070126419813020260522161045.0260219s2000 sp | o||| ||spa 7 abimoBNE200104579492SpMaBN aB 42790-2000bOficina Depósito Legal Barcelona a8477827214 a(OCoLC)434346946 a(SpMaBN)Mimo0001676228 aSpMaBNbspacSpMaBNerdc a929 Sessé y Lacasta, Martín de a929 Mociño, José Mariano a910.4(72)"17/18" a930.255(460.27 M.) a581.9(72)(0:74) a016:74.034(72)03aEl águila y el nopalbla expedición de Sessé y Mociño a Nueva España (1787-1803) : catálogo de los fondos documentales del Real Jardín Botánico de Madridcautores, Salvador Bernabéu Albert ... [et al.] ; coordinación y edición general de la obra, María Pilar de San Pío Aladrén, Miguel Ángel Puig-Samper aMadridbLunwergc2000 a229 p.bil. col. y n.c29 cm 2rdacontentatexto 2rdamediaasin mediación 2rdacarrieravolumen aRegistro provisional. A-15998. Depósito 117aSessé y Lacasta, Martín de2embne17aMociño, José Mariano2embne27aReal Jardín BotánicobArchivovCatálogos2embne27aReal Expedición Botánica de Nueva Españad1787-18032embne1 aBernabéu Albert, Salvadord1960-1 aSan Pío Aladrén, María Pilar de1 aPuig-Samper, Miguel Ángel2 aReal Jardín Botánico aES-MaACLcDEPO1jA-15998hDonación: José Lázaro GarcíaxEncuadernación cartonézEn proceso